Statistics for Who said this quote in the Harry Potter films?

Click here to take the quiz!

General Stats

  • This quiz has been taken 1,252 times
  • The average score is 23 of 30

Answer Stats

Quote.Answer% Correct
"Why spiders? Why couldn't it be follow the butterflies?"Ron Weasley
100%
"Honestly, woman. You call yourself our mother."Fred Weasley
96%
"I'm ready to die."Harry Potter
96%
"Not my daughter, you bitch!"Molly Weasley
95%
"Do not pity the dead Harry. Pity the living and above all those who live without love.."Albus Dumbledore
94%
"Always."Severus Snape
94%
"You'll soon find out that some wizarding families are better than others, Potter. You don't wanna go making friends with the wrong sort. I can help you there."Draco Malfoy
93%
"Shouldn't of said that. I should NOT have said that."Rubeus Hagrid
91%
"That doesn't mean we can't delay him. And his name is Voldemort, Filius, you might as well use it. He's going to try and kill you either way."Minerva McGonagall
88%
"Why is it always me?"Neville Longbottom
88%
"Come now, Harry, the niceties must be observed. Dumbledore would not want you to forget your manners. I said, "Bow."Voldemort
87%
"Morrrning.."George Weasley
86%
"Harry, you are so loved. Mama loves you. Dada loves you. Harry, be safe. Be strong."Lily Potter
86%
"Tell me, what exactly is the function of a rubber duck?"Arthur Weasley
85%
"Others will tell him what his mother and father died for. One day, he'll understand."Remus Lupin
84%
"We've all got light and dark inside of us. What matters is the part we choose to act on. that's who we really are."Sirius Black
84%
"Always the tone of surprise"Hermione Granger
83%
"The wand chooses the wizard, Mr Potter."Garrick Ollivander
79%
"Episky."Luna Lovegood
76%
"Eye of rabbit, harp string hum, turn this water into rum."Seamus Finnigan
75%
"Until the end."James Potter
71%
"Such a beautiful place, to be with friends."Dobby
64%
"I can stay hidden up here too, if you like."Ginny Weasley
64%
"You may not like him, Minister, but you can't deny: Dumbledore's got style."Kingsley Shacklebolt
62%
"Dead."Narcissa Malfoy
60%
"You must be very brave to mention his name. Or very foolish."Lucius Malfoy
54%
"It's just empty words. He'll give it his best effort, but when it matters most. He'll just slither back into his hole... coward."Bellatrix LeStrange
50%
"Hello Harry! Long time no see! I was circling a blocked drain the other day, I could swear I saw a bit of Polyjuice Potion. Not being a bad boy again, are we?"Moaning Myrtle
50%
"Fair warning, it tastes like goblin piss."Alastor "Mad Eye" Moody
37%
"Shall we start with the youngest? Lavly!"Rita Skeeter
35%

Score Distribution

Percentile by Number Answered

Percent of People with Each Score

Your Score History

You have not taken this quiz